000 00767nam2a22002171 4500
001 RU\NLR\A1SV\146882
005 20251214192841.0
035 _a(NLR Aleph) 011355275
090 _a13492864
_c13492864
100 _a20170310d1926 u y0rusy50 ca
101 0 _arus
200 1 _a... за 1924-1925 бюджетный год
210 _d1926
215 _a[2], XXV, 491 с.
461 1 _1001RU\NLR\A1SV\146877
_911268363
_aРязано-Уральская ж. д.
_cСаратов
_d[1919]-1926
_fНКПС
_nТип. № 2, Полиграфпром
_tОтчет по эксплуатации Рязанско-Уральской железной дороги...
801 0 _aRU
_bNLR
_c20170310
852 _aNLR
942 _cBOOK
980 _aA1SV
980 _aNB